[Event "SRB Central-ch op-A 4th"]
[Site "Paracin"]
[Date "2011.07.12"]
[Round "6"]
[White "Kolbert, Engelbert"]
[Black "Prijovic, Bojan"]
[Result "1-0"]
[WhiteElo "2161"]
[BlackElo "1957"]
[PlyCount "69"]
[EventDate "2011.07.08"]
[EventType "swiss"]
[EventRounds "9"]
[EventCountry "SRB"]
[SourceTitle "CBM 143 Extra"]
[Source "ChessBase"]
[SourceDate "2011.08.29"]
[SourceVersion "1"]
[SourceVersionDate "2011.08.29"]
[SourceQuality "1"]

1. Nf3 d5 2. d4 Bf5 3. c4 c6 4. cxd5 Qxd5 5. Nc3 Qa5 6. Bd2 Qd8 7. e4 Bg6 8. Bc4 e6 9. d5 exd5 10. exd5 Bd6 11. 0-0 Ne7 12. Re1 0-0 13. Bg5 Qc7 14. dxc6 bxc6 15. Qb3 Nc8 16. Rad1 Nb6 17. Rxd6 Qxd6 18. Be7 Qc7 19. Bxf8 Kxf8 20. Nb5 Qd8 21. Qb4+ Kg8 22. Nc7 N8d7 23. Nxa8 Qxa8 24. Bb3 c5 25. Qf4 Qc8 26. Ne5 Nxe5 27. Qxe5 h6 28. Rc1 c4 29. Bxc4 Nxc4 30. Qd4 Qa6 31. Qxc4 Qf6 32. b4 Bf5 33. b5 Be6 34. Qc5 Qb2 35. a4 1-0

[Event "SRB Central-ch op-A 4th"]
[Site "Paracin"]
[Date "2011.07.12"]
[Round "5"]
[White "Prijovic, Bojan"]
[Black "Savic, Dragan"]
[Result "0-1"]
[WhiteElo "1957"]
[BlackElo "2160"]
[PlyCount "74"]
[EventDate "2011.07.08"]
[EventType "swiss"]
[EventRounds "9"]
[EventCountry "SRB"]
[SourceTitle "CBM 143 Extra"]
[Source "ChessBase"]
[SourceDate "2011.08.29"]
[SourceVersion "1"]
[SourceVersionDate "2011.08.29"]
[SourceQuality "1"]

1. e4 e6 2. d4 d5 3. exd5 exd5 4. Nf3 Bd6 5. Bd3 Ne7 6. Bg5 f6 7. Bh4 0-0 8. 0-0 Nf5 9. Bg3 Bxg3 10. hxg3 Re8 11. c3 g6 12. Nbd2 Nd6 13. Qc2 Bf5 14. Rfe1 Bxd3 15. Qxd3 Nd7 16. b3 Nf8 17. Rxe8 Qxe8 18. Re1 Qf7 19. c4 dxc4 20. bxc4 c6 21. a4 Rd8 22. Re3 Nf5 23. Re4 Ne6 24. Qc3 Qd7 25. Nb3 g5 26. Qe1 Kf7 27. Qb4 h5 28. Nc5 Nxc5 29. Qxc5 b6 30. Qb4 g4 31. Nh4 Nxd4 32. Qb1 Ne6 33. Kh2 Qd1 34. Qb4 Nc5 35. Re3 Qf1 36. Re1 Qxf2 37. Qb1 Rd3 0-1

[Event "SRB Central-ch op-A 4th"]
[Site "Paracin"]
[Date "2011.07.08"]
[Round "1"]
[White "Prijovic, Bojan"]
[Black "Dinic, Dragan"]
[Result "1/2-1/2"]
[WhiteElo "1957"]
[BlackElo "2297"]
[PlyCount "75"]
[EventDate "2011.07.08"]
[EventType "swiss"]
[EventRounds "9"]
[EventCountry "SRB"]
[SourceTitle "CBM 143 Extra"]
[Source "ChessBase"]
[SourceDate "2011.08.29"]
[SourceVersion "1"]
[SourceVersionDate "2011.08.29"]
[SourceQuality "1"]

1. e4 e5 2. Nf3 Nc6 3. d4 exd4 4. Nxd4 Nxd4 5. Qxd4 Ne7 6. Bc4 Nc6 7. Qd5 Qf6 8. 0-0 Ne5 9. Be2 c6 10. Qd2 Bc5 11. Qg5 Qxg5 12. Bxg5 0-0 13. Kh1 d6 14. Nd2 f5 15. f3 Be6 16. exf5 Bxf5 17. Ne4 Rae8 18. Nxc5 dxc5 19. Rac1 b5 20. Rfe1 a5 21. Bf4 Nf7 22. Bc7 a4 23. Kg1 Re7 24. Bg3 Rfe8 25. Kf2 c4 26. b3 c3 27. bxa4 bxa4 28. Bc4 Rxe1 29. Rxe1 Rxe1 30. Kxe1 Bxc2 31. Be5 Bd3 32. Bxf7+ Kxf7 33. Bxc3 g5 34. Kd2 Bc4 35. a3 Ke6 36. Ke3 h5 37. g3 Bb5 38. h4 1/2-1/2

[Event "MNT-chT"]
[Site "Cetinje"]
[Date "2010.08.29"]
[Round "3"]
[White "Saric, Igor"]
[Black "Prijovic, Bojan"]
[Result "1-0"]
[WhiteElo "2335"]
[BlackElo "1924"]
[PlyCount "64"]
[EventDate "2010.08.27"]
[EventType "team-tourn"]
[EventRounds "9"]
[EventCountry "MNE"]
[SourceTitle "CBM 138 Extra"]
[Source "ChessBase"]
[SourceDate "2010.10.29"]
[SourceVersion "1"]
[SourceVersionDate "2010.10.29"]
[SourceQuality "1"]

1. e4 e6 2. d4 d5 3. Nc3 dxe4 4. Nxe4 Nd7 5. Nf3 Ngf6 6. Nxf6+ Nxf6 7. Bd3 Be7 8. Qe2 0-0 9. Bg5 h6 10. h4 c5 11. c3 cxd4 12. Nxd4 Qa5 13. f4 a6 14. Nb3 Qc7 15. Bxf6 Bxf6 16. Qe4 Rd8 17. 0-0-0 Bd7 18. Qf3 Bc6 19. Be4 Rxd1+ 20. Kxd1 a5 21. Bxc6 bxc6 22. Kc2 a4 23. Nc5 Ra5 24. Ne4 Be7 25. g3 Rd5 26. Rd1 Qa7 27. Qf2 Qa6 28. Qg1 Qb6 29. c4 Rxd1 30. Qxd1 f5 31. Nc3 Qf2+ 32. Qd2 Qxg3 1-0

[Event "Bar op"]
[Site "Bar"]
[Date "2010.04.22"]
[Round "7"]
[White "Prijovic, Bojan"]
[Black "Alibasic, Mirto"]
[Result "0-1"]
[WhiteElo "1904"]
[BlackElo "2101"]
[PlyCount "28"]
[EventDate "2010.04.17"]
[EventType "swiss"]
[EventRounds "9"]
[EventCountry "MNE"]
[SourceTitle "CBM 135 Extra"]
[Source "ChessBase"]
[SourceDate "2010.05.04"]
[SourceVersion "1"]
[SourceVersionDate "2010.05.04"]
[SourceQuality "1"]

1. e4 e5 2. Nf3 Nf6 3. Bc4 Nxe4 4. 0-0 d5 5. Bb3 Nc6 6. d4 exd4 7. Re1 Be7 8. Bxd5 Qxd5 9. Nc3 Nxc3 10. bxc3 Bg4 11. cxd4 0-0 12. Be3 Bxf3 13. gxf3 Qh5 14. Kf1 Bb4 0-1

[Event "Bar op"]
[Site "Bar"]
[Date "2010.04.18"]
[Round "2"]
[White "Prijovic, Bojan"]
[Black "Gvozdenovic, Savo"]
[Result "1-0"]
[WhiteElo "1904"]
[BlackElo "2129"]
[PlyCount "87"]
[EventDate "2010.04.17"]
[EventType "swiss"]
[EventRounds "9"]
[EventCountry "MNE"]
[SourceTitle "CBM 135 Extra"]
[Source "ChessBase"]
[SourceDate "2010.05.04"]
[SourceVersion "1"]
[SourceVersionDate "2010.05.04"]
[SourceQuality "1"]

1. e4 Nf6 2. Nc3 d5 3. exd5 Nxd5 4. Nxd5 Qxd5 5. Nf3 Bg4 6. Be2 c5 7. d4 cxd4 8. 0-0 Nc6 9. Nxd4 Bxe2 10. Nxe2 0-0-0 11. Qxd5 Rxd5 12. Be3 e6 13. c4 Rd7 14. a3 Be7 15. b4 Bf6 16. Rab1 Kb8 17. Rfc1 Rhd8 18. h3 Nd4 19. Nxd4 Bxd4 20. Rb3 Bxe3 21. Rxe3 Rd1+ 22. Rxd1 Rxd1+ 23. Kh2 Kc7 24. Rc3 Kd6 25. f4 h5 26. h4 Rd4 27. g3 Rd2+ 28. Kh3 Rd4 29. Kg2 e5 30. fxe5+ Kxe5 31. Kf3 f5 32. Re3+ Kf6 33. Rc3 g5 34. hxg5+ Kxg5 35. c5 h4 36. gxh4+ Rxh4 37. Kg2 Rg4+ 38. Rg3 Kf4 39. Rxg4+ fxg4 40. a4 Ke5 41. a5 a6 42. b5 Kd5 43. c6 Kd6 44. cxb7 1-0